000 00966nam a2200217 i 4500
001 80159
003 ES-MaACL
005 20230906174139.0
007 t|
008 041026s1988 sp ||||1| spa d
020 _a84-00-06826-2
245 0 0 _aHistoria natural :
_bcatálogo ilustrado : siglos XVIII y XIX /
_cAlberto Gomis ... [et al.].
260 _aMadrid :
_bMinisterio de Educación y Ciencia, Dirección General de Investigación Científica y Técnica :
_bConsejo Superior de Investigaciones Científicas, Real Jardín Botánico,
_c1988.
300 _aXV, 223 p. :
_bil. ;
_c27 cm.
504 _aBibliografía: p. XV.
594 _aPubl. con motivo de la exposición: La historia natural ilustrada, celebrada en el Real Jardín Botánico, del 25 de mayo al 30 de junio de 1988.
650 4 _aCiencias naturales-
_vBibliografías.
_9170982
700 1 _aGomis, Alberto.
_958206
710 2 _aReal Jardín Botánico.
_96359
852 _aES-MaACL
_jL-12281
999 _c80159
_d80159